000 00548cam a22002054a 4500
005 20250605164302.0
008 250528s ||||||||||||||||||||||||d
035 _a22133
020 _a9789608630765
040 _aGR-AtMCL
_bgre
_dGR-AtMCL
_eAACR2
245 1 _aΑΠΩΛΕΙΕΣ ΖΩΗΣ ΓΕΦΥΡΕΣ ΣΤΗΡΙΞΗΣ
250 _a1
260 _bΜέριμνα,
_c2013
300 _a198
700 1 _aΚαμπερη Ελενη
_98002
700 1 _aΠαπαδατου Δαναη
942 _cBK
999 _c7189
_d7189